000 00718nam a2200253Ia 4500
001 19527
003 DO-CoUTE
005 20260204212631.0
008 220104s9999 dr 000 0 spa d
020 _a978-84-313-3208-2
040 _aDO-CoUTE
_bspa
_cDO-CoUTE
041 0 _aspa
082 _a465 C334c
100 1 _aCasado, Manuel
245 1 0 _aEl castellano actual:usos y normas / Manuel Casado
250 _aDécimoprimera edición
260 _aNavarra, España: Editorial Ediciones Universidad de Navarra
300 _a201 páginas
490 _aLengua y Literatura
650 4 _aEspañol-Gramática
942 _2ddc
_cBK
999 _c21490
_d21490